| 000 | 00651cam a22001814a 4500 | ||
|---|---|---|---|
| 005 | 20250605164348.0 | ||
| 008 | 250528s ||||||||||||||||||||||||d | ||
| 035 | _a24037 | ||
| 040 |
_aGR-AtMCL _bgre _dGR-AtMCL _eAACR2 |
||
| 245 | 1 | _aIs Your Airport on Board with Social Distancing? | |
| 260 |
_bInternational Airport Review, _c2020 |
||
| 300 | _a48 | ||
| 520 | _aHow to Work with an Airport's Territorial Administration, Angela Gittens Answers the Industry's COVID-19 Questions, Improve Operational Efficiency Nw to Reduce Future Costs. | ||
| 700 | 1 |
_aRanieri Gianfrancesco _99366 |
|
| 942 | _cCR | ||
| 999 |
_c8938 _d8938 |
||